000
00311nam a22001457a 4500
999
_c
10164
_d
10164
020
_a
1-56821-496-0
082
_a
616.891
100
_a
Lewis R.Wolberg
245
_a
The Technique of Psychotherapy
250
_a
4th
260
_a
USA
_b
Pearson
_c
1995
300
_a
820
650
_a
Psychology
942
_c
BK